| 000 | 00835cab a2200253 4500 | ||
|---|---|---|---|
| 001 | WB3110-05 | ||
| 008 | 090401t1995 xxu||||| |||| 00| 0 eng d | ||
| 035 | _a(Sirsi) u22449 | ||
| 041 | _aeng | ||
| 245 | _aConstruction output | ||
| 260 | _c1995 | ||
| 350 | _a0 | ||
| 490 |
_aNew Builder _v(248) 3 March 1995, 11 |
||
| 490 |
_aContract Journal _v377(6014) 2 March 1995, 2(2) |
||
| 520 | _aModest growth for construction is forecast up until 2002 according to a study by Cambridge Econometrics called "UK Construction Prospects" which takes a short and long term view of construction. Tables. | ||
| 650 | _aCONSTRUCTION MARKET | ||
| 650 | _aFORECASTS | ||
| 650 | _aOUTPUT | ||
| 650 | _aUK CONSTRUCTION PROSPECTS | ||
| 690 | _aBUILT ENVIRONMENT | ||
| 690 | _aFINANCE AND INVESTMENT | ||
| 942 | _n0 | ||
| 948 | _c04/03/1997 | ||
| 999 |
_c15039 _d15039 |
||